<?xml version="1.0" encoding="UTF-8"?>
<record
    xmlns:xsi="http://www.w3.org/2001/XMLSchema-instance"
    xsi:schemaLocation="http://www.loc.gov/MARC21/slim http://www.loc.gov/standards/marcxml/schema/MARC21slim.xsd"
    xmlns="http://www.loc.gov/MARC21/slim">

  <leader>05476nab a22009617  4500</leader>
  <controlfield tag="003">AR-RoUNA</controlfield>
  <datafield tag="022" ind1=" " ind2=" ">
    <subfield code="a">0327-9022</subfield>
  </datafield>
  <datafield tag="040" ind1=" " ind2=" ">
    <subfield code="a">AR-RoUNA</subfield>
    <subfield code="b">spa</subfield>
  </datafield>
  <datafield tag="041" ind1=" " ind2=" ">
    <subfield code="a">spa</subfield>
  </datafield>
  <datafield tag="044" ind1=" " ind2=" ">
    <subfield code="a">ag</subfield>
  </datafield>
  <datafield tag="245" ind1=" " ind2=" ">
    <subfield code="a">Summa+</subfield>
  </datafield>
  <datafield tag="260" ind1=" " ind2=" ">
    <subfield code="a">Buenos Aires (Argentina):</subfield>
    <subfield code="c">Donn SA,</subfield>
    <subfield code="b">1993.</subfield>
  </datafield>
  <datafield tag="300" ind1=" " ind2=" ">
    <subfield code="a">224 p. :</subfield>
    <subfield code="b">il. byn.</subfield>
    <subfield code="b">planos</subfield>
    <subfield code="c">34X25 cm.</subfield>
  </datafield>
  <datafield tag="505" ind1="0" ind2=" ">
    <subfield code="t">INDICE</subfield>
  </datafield>
  <datafield tag="505" ind1="0" ind2=" ">
    <subfield code="t">SINGULARMENTE UNIVERSALES - PARAGUAY</subfield>
  </datafield>
  <datafield tag="505" ind1="0" ind2=" ">
    <subfield code="a">Florencia Rodr&#xED;guez / Algunas casa paraguayas. p. 82</subfield>
  </datafield>
  <datafield tag="505" ind1="0" ind2=" ">
    <subfield code="a">Arq. Javier Corval&#xE1;n Esp&#xED;nola / Casa en Surub&#xED; ' y Ma. Roque Alonzo (Paraguay, 2005).  p. 84</subfield>
  </datafield>
  <datafield tag="505" ind1="0" ind2=" ">
    <subfield code="a">Sergio Fanego + Gabinete de arquitectura / Casa Fanego, Barrio Villa Aurelia, (Asunci&#xF3;n, Paraguay, 2003) p. 90</subfield>
  </datafield>
  <datafield tag="505" ind1="0" ind2=" ">
    <subfield code="a">Arnaldo Acosta  Adriana Vallet arqs. / Casa Cataldo (Asunci&#xF3;n, Paraguay) 2004. p. 94</subfield>
  </datafield>
  <datafield tag="505" ind1="0" ind2=" ">
    <subfield code="a">Arq. Paola Moure / Vivienda A/B, Barrio Herrera, (Asunci&#xF3;n, Paraguay, 2003). p. 96</subfield>
  </datafield>
  <datafield tag="505" ind1="0" ind2=" ">
    <subfield code="a">Jos&#xE9; E.Cubilla L.arq.  / Vivienda Pleasure Point,  (San Bernandino, Paraguay, 2005). p. 100</subfield>
  </datafield>
  <datafield tag="505" ind1="0" ind2=" ">
    <subfield code="t">EL CUBO Y EL MAR - CHILE</subfield>
  </datafield>
  <datafield tag="505" ind1="0" ind2=" ">
    <subfield code="a">Mauricio Pezo y Sofia Von Ellrichshausen (PVE Arquitectos) / Casa Poli, Calle Rapa Nui n&#xBA; 1, Pen&#xED;nsula de Coliumo (Chile). p.106</subfield>
  </datafield>
  <datafield tag="505" ind1="0" ind2=" ">
    <subfield code="t">MIRADAS ORIENTADAS - CHILE</subfield>
  </datafield>
  <datafield tag="505" ind1="0" ind2=" ">
    <subfield code="a">Alejandro Aravena, Jorge Christie, V&#xED;ctor Odd&#xF3; / Casa en Lago Pirehueico, X Regi&#xF3;n (Chile, 2004). p. 112</subfield>
  </datafield>
  <datafield tag="505" ind1="0" ind2=" ">
    <subfield code="t">FRENTE A LA CORDILLERA - CHILE</subfield>
  </datafield>
  <datafield tag="505" ind1="0" ind2=" ">
    <subfield code="a">Rodrigo Duque Motta / Casa Duque, Colina del Mirador. (Santiago, Chile, 2003)  p. 118</subfield>
  </datafield>
  <datafield tag="505" ind1="0" ind2=" ">
    <subfield code="t">LA ESCALA DEL PAISAJE - CHILE</subfield>
  </datafield>
  <datafield tag="505" ind1="0" ind2=" ">
    <subfield code="a">Cristi&#xE1;n Undurraga - Taller de arquitectura Undurraga &amp; Dev&#xE9;s / Casa El Mirador, Los Dominicos, (Santiago, Chile, 2002). p. 122</subfield>
  </datafield>
  <datafield tag="505" ind1="0" ind2=" ">
    <subfield code="t">PANORAMA MAR&#xCD;TIMO - PER&#xDA;</subfield>
  </datafield>
  <datafield tag="505" ind1="0" ind2=" ">
    <subfield code="a">Ruth Alvarado Pfl&#xFC;cker / Casa en playa Las Lomas Dos, Playa Las Lomas del Mar, Panamericana Sur Km, 122. (Lima, Per&#xFA;). p. 128</subfield>
  </datafield>
  <datafield tag="505" ind1="0" ind2=" ">
    <subfield code="a">Ruth Alvarado Pfl&#xFC;cker / Casa en Playa Blanca. (Lima, Per&#xFA;, 2004). p.132</subfield>
  </datafield>
  <datafield tag="505" ind1="0" ind2=" ">
    <subfield code="t">MIRADOR EN LA PLAYA - PER&#xDA;</subfield>
  </datafield>
  <datafield tag="505" ind1="0" ind2=" ">
    <subfield code="a">Arq. Juan Carlos Doblado / Casa de Playa en Asia. (Per&#xFA;, Ca&#xF1;ete, 2004). p. 136</subfield>
  </datafield>
  <datafield tag="505" ind1="0" ind2=" ">
    <subfield code="a">Carlos Eduardo Comas / El nombre de la cosa (Brasil). p.140</subfield>
  </datafield>
  <datafield tag="505" ind1="0" ind2=" ">
    <subfield code="a">Procter - Rihl Christopher Procter, Fernando Rihl / Casa Lonja, (Porto Alegre), RS. p.140</subfield>
  </datafield>
  <datafield tag="505" ind1="0" ind2=" ">
    <subfield code="t">REPENSAR LAS ALTURAS INTERIORES - ARGENTINA</subfield>
  </datafield>
  <datafield tag="505" ind1="0" ind2=" ">
    <subfield code="a">Antonio Ledesma y Luc&#xED;a Mazzaglia arqs. Alfred Fellinger (Interiores) / Casa MDG, Cannig. (Provincia de Buenos Aires). p.146</subfield>
  </datafield>
  <datafield tag="505" ind1="0" ind2=" ">
    <subfield code="t">A LA MEDIDA DEL CLIENTE</subfield>
  </datafield>
  <datafield tag="505" ind1="0" ind2=" ">
    <subfield code="a">Cayetana Merc&#xE9; y Luis O`Grady / En torno a la casa y la pr&#xE1;ctica profesional. p.154</subfield>
  </datafield>
  <datafield tag="505" ind1="0" ind2=" ">
    <subfield code="t">BARRA ELEMENTAL</subfield>
  </datafield>
  <datafield tag="505" ind1="0" ind2=" ">
    <subfield code="a">Cristi&#xE1;n Le Monnier, Paula Preiti Petrov, Francisco Zanada / Casa en Los Cardales. (Provincia de Buenos Aires). p.160</subfield>
  </datafield>
  <datafield tag="505" ind1="0" ind2=" ">
    <subfield code="t">PRISMA SUSPENDIDO</subfield>
  </datafield>
  <datafield tag="505" ind1="0" ind2=" ">
    <subfield code="a">Esteban Caram - Gustavo Robinsohn / Casa Familia Maiquez,  Barrio privado Talar del Lago en  General Pacheco. (Provincia de Buenos Aires). p.166</subfield>
  </datafield>
  <datafield tag="505" ind1="0" ind2=" ">
    <subfield code="t">DOM&#xC9;STICA INGRAVIDEZ</subfield>
  </datafield>
  <datafield tag="505" ind1="0" ind2=" ">
    <subfield code="a">Alberto Varas &amp; Asociados / Casa en Pilar, Club de Campo Km 50, Pilar (Provincia de Buenos Aires.) p.172</subfield>
  </datafield>
  <datafield tag="505" ind1="0" ind2=" ">
    <subfield code="t">OTRA MIRADA A LA CASA OKS - ANTONIO BONET</subfield>
  </datafield>
  <datafield tag="505" ind1="0" ind2=" ">
    <subfield code="a">Fernando Diez / El fantasma de la Casa OKS. p.180</subfield>
  </datafield>
  <datafield tag="505" ind1="0" ind2=" ">
    <subfield code="a">Roberto Lombardi / Extractos de una conversaci&#xF3;n con Mariano OKS. p.182</subfield>
  </datafield>
  <datafield tag="505" ind1="0" ind2=" ">
    <subfield code="a">Jorge Hampton / La Bu&#xF1;a y el ladrill&#xF3;n, a prop&#xF3;sito de las dos casa de Mariano OKS. p.183</subfield>
  </datafield>
  <datafield tag="505" ind1="0" ind2=" ">
    <subfield code="a">Roberto Lombardi / La Casa Inhabitable ( un mito moderno). p.184</subfield>
  </datafield>
  <datafield tag="505" ind1="0" ind2=" ">
    <subfield code="t">LOS PLANOS DE LA CASA OKS</subfield>
  </datafield>
  <datafield tag="505" ind1="0" ind2=" ">
    <subfield code="t">OTRA MIRADA A LA CASA OKS - ANTONIO BONET</subfield>
  </datafield>
  <datafield tag="505" ind1="0" ind2=" ">
    <subfield code="a">Pablo Oks / Repetto 1253. p.190</subfield>
  </datafield>
  <datafield tag="505" ind1="0" ind2=" ">
    <subfield code="t">ANTONIO BONET - PABELL&#xD3;N CRISTALPLANO</subfield>
  </datafield>
  <datafield tag="505" ind1="0" ind2=" ">
    <subfield code="a">Martha Levisman / Apuntes sobre el Pabell&#xF3;n &#xA8;Cristalplano&#xA8;. p.194</subfield>
  </datafield>
  <datafield tag="505" ind1="0" ind2=" ">
    <subfield code="t">DESDE EL PUEBLO - SANTA FE</subfield>
  </datafield>
  <datafield tag="505" ind1="0" ind2=" ">
    <subfield code="a">Diego Arraigada / Tres casas de Gerardo Caballero. p.198</subfield>
  </datafield>
  <datafield tag="505" ind1="0" ind2=" ">
    <subfield code="a">Gerardo Caballero, Maite Fern&#xE1;ndez, Gerardo Bordi / Casa Frittegotto (Arequito). p.199</subfield>
  </datafield>
  <datafield tag="505" ind1="0" ind2=" ">
    <subfield code="a">Gerardo Caballero, Maite Fern&#xE1;ndez, Gerardo Bordi / Ampliaci&#xF3;n Casa Colmegna, Zona Rural. (Totoras) p.202</subfield>
  </datafield>
  <datafield tag="505" ind1="0" ind2=" ">
    <subfield code="a">Gerardo Caballero, Maite Fern&#xE1;ndez, Gerardo Bordi / Ampliaci&#xF3;n  Casa Moriconi (Totoras) p.205</subfield>
  </datafield>
  <datafield tag="505" ind1="0" ind2=" ">
    <subfield code="a">Tom&#xE1;s Powell / Museo de la construcci&#xF3;n. p.208</subfield>
  </datafield>
  <datafield tag="505" ind1="0" ind2=" ">
    <subfield code="t">CONCURSO - PROTOTIPOS DE ACERO</subfield>
  </datafield>
  <datafield tag="505" ind1="0" ind2=" ">
    <subfield code="a">Premio siderar de dise&#xF1;o y acero 2005. p.210</subfield>
  </datafield>
  <datafield tag="505" ind1="0" ind2=" ">
    <subfield code="a">Trabajos seleccionados / Categor&#xED;a estudiantes. p.211</subfield>
  </datafield>
  <datafield tag="505" ind1="0" ind2=" ">
    <subfield code="t">OPINION - ECLECTICISMO, RECICLAJE Y PARODIA</subfield>
  </datafield>
  <datafield tag="505" ind1="0" ind2=" ">
    <subfield code="a">Norberto Chaves / Con la excusa del edificio &#xA8;Grand Bourg&#xA8;. p.212</subfield>
  </datafield>
  <datafield tag="505" ind1="0" ind2=" ">
    <subfield code="a">Rafael E. J. Iglesia / Balconeando. p.214</subfield>
  </datafield>
  <datafield tag="505" ind1="0" ind2=" ">
    <subfield code="a">Pablo Meninato / Tipolog&#xED;a y proceso de dise&#xF1;o. p.215</subfield>
  </datafield>
  <datafield tag="505" ind1="0" ind2=" ">
    <subfield code="a">Roberto Fern&#xE1;ndez / Elogio de la lentitud. p.218</subfield>
  </datafield>
  <datafield tag="505" ind1="0" ind2=" ">
    <subfield code="a">Rita Molinos y Mario Sabugo / Aqu&#xED; nom&#xE1;s, en Tierra Santa. p.220</subfield>
  </datafield>
  <datafield tag="505" ind1="0" ind2=" ">
    <subfield code="a">Josep Maria Montaner / Por una arquitectura ambiental. p.223</subfield>
  </datafield>
  <datafield tag="505" ind1="0" ind2=" ">
    <subfield code="t">POR UNA ARQUITECTURA AMBIENTAL</subfield>
  </datafield>
  <datafield tag="650" ind1=" " ind2=" ">
    <subfield code="a">Arquitectura contempor&#xE1;nea</subfield>
  </datafield>
  <datafield tag="650" ind1=" " ind2=" ">
    <subfield code="a">Viviendas en la playa</subfield>
    <subfield code="9">27305</subfield>
  </datafield>
  <datafield tag="650" ind1=" " ind2=" ">
    <subfield code="a">Viviendas unifamiliares</subfield>
    <subfield code="9">926</subfield>
  </datafield>
  <datafield tag="651" ind1=" " ind2="4">
    <subfield code="a">Per&#xFA;</subfield>
  </datafield>
  <datafield tag="773" ind1="0" ind2=" ">
    <subfield code="a">Summa+</subfield>
    <subfield code="d">Buenos Aires, Argentina</subfield>
    <subfield code="g">N&#xBA;80 (mayo-2006), p.224</subfield>
    <subfield code="x">0327-9022</subfield>
  </datafield>
  <datafield tag="908" ind1=" " ind2=" ">
    <subfield code="a">Imp</subfield>
  </datafield>
  <datafield tag="942" ind1=" " ind2=" ">
    <subfield code="2">udc</subfield>
    <subfield code="c">ART</subfield>
  </datafield>
  <datafield tag="945" ind1=" " ind2=" ">
    <subfield code="d">2022-07-08</subfield>
  </datafield>
  <datafield tag="980" ind1=" " ind2=" ">
    <subfield code="6">138</subfield>
    <subfield code="a">Carolina Rainero</subfield>
    <subfield code="8">1</subfield>
    <subfield code="g">Maricel Allasia</subfield>
  </datafield>
  <datafield tag="999" ind1=" " ind2=" ">
    <subfield code="c">12044</subfield>
    <subfield code="d">12044</subfield>
  </datafield>
  <datafield tag="952" ind1=" " ind2=" ">
    <subfield code="0">0</subfield>
    <subfield code="1">0</subfield>
    <subfield code="2">udc</subfield>
    <subfield code="4">0</subfield>
    <subfield code="5">0</subfield>
    <subfield code="7">0</subfield>
    <subfield code="a">AR-RoUNA</subfield>
    <subfield code="b">AR-RoUNA</subfield>
    <subfield code="c">Heme</subfield>
    <subfield code="d">2025-07-22</subfield>
    <subfield code="e">Don</subfield>
    <subfield code="l">0</subfield>
    <subfield code="p">1002698</subfield>
    <subfield code="r">2025-07-22</subfield>
    <subfield code="t">ej. 1</subfield>
    <subfield code="w">2025-07-22</subfield>
    <subfield code="y">ART</subfield>
    <subfield code="z">La imagen no es la tapa original</subfield>
    <subfield code="k">K6</subfield>
    <subfield code="x"></subfield>
  </datafield>
</record>
